Cesty ke zvyšování produktivity práce ve strojírenství

Na minha lista:
Detalhes bibliográficos
Formato: Livro
Idioma:tcheco
Publicado em: Praha Průmyslové vydavatelství 1951
Tags: Adicionar Tag
Sem tags, seja o primeiro a adicionar uma tag!

MARC

LEADER 00000nam a2200000 4500
001 0313665
005 20251217091140.6
041 0 |a cze 
044 |a CZ 
245 1 0 |a Cesty ke zvyšování produktivity práce ve strojírenství  |c K. I. Klimenko 
264 1 |a Praha  |b Průmyslové vydavatelství  |c 1951